000
00243nam a2200121Ia 4500
100
_a
INGALLS/DANIEL
942
_c
BK
245
_a
AN ANTHOLOGY OF SANSKRIT COURT POETRY
260
_b
#N/A
300
_a
610
546
_a
ENGLISH
999
_c
33125
_d
33125